Statistics for The Office (US) Ultimate Fan Quiz

Click here to take the quiz!

General Stats

  • This quiz has been taken 34 times
  • The average score is 8 of 15

Answer Stats

HintAnswer% Correct
Who successfully walks across hot coals?Pam
89%
What instrument does Roy learn to play for his wedding?Piano
89%
Where does Dwight leave Dunder miflin to work?Staples
89%
Who wins the prize for most chips in poker evening?Creed
78%
Which president hits on Pam?Benjamin Franklin
59%
The name of the stripper for Bob Vance’s bachelor partyElizabeth
56%
What is the brand of crisp that Jim sources for Karen?Herrs
56%
What year is Dwight’s transam from (which he tells Andy)?1987
52%
Who does Michael fire in season 1?Devon
52%
What is the name of phylis’ relative that Michael helps find?Uncle Al
48%
What piece of equipment for Brian operate?Boom
44%
What disease does Dwight think the waitress in A Benihana Christmas has?Narcolepsy
44%
The name of the documentary released about Dunder Miflin ScrantonThe Office: An American Workplace
30%
In a deleted scene, what does Michael break his worlds best mug with?A golf club
11%
What is the name of the file Michael send to packaging@dundermiflin?Jamaica Jan Sun Goddess
4%

Score Distribution

Percentile by Number Answered

Percent of People with Each Score

Your Score History

You have not taken this quiz